000
00296nam a2200109Ia 4500
008
220204s9999 xx 000 0 und d
082
_a
681.31C
_b
NEL
100
_a
Nelson, M
245
0
_a
Serial communications : A C++ developer's guide
260
_a
New Delhi
_b
BPB Publications
_c
1994
942
_c
BK
999
_c
41404
_d
41404